000 00144 a2200085 4500
041 _aspa
100 _aAnonimo
245 _aNicaragua
942 _cBK
999 _c10144
_d10144